|
|
|
|
| LEADER |
00000cam a2200000 7i4500 |
| 001 |
0000007178 |
| 005 |
20061113093000.0 |
| 008 |
021119n |
| 020 |
|
|
|a 0807004847
|
| 090 |
0 |
0 |
|a JX1974
|b .F59 1982
|
| 100 |
0 |
|
|a Ford, Daniel F. ,
|e author
|
| 245 |
0 |
0 |
|a Beyond the freeze :
|b the road to nuclear sanity
|c Daniel F. Ford, Henry Kendall, Steven Nadis
|
| 260 |
2 |
|
|a Boston, Mass. :
|b Beacon Press ,
|c c1982
|
| 300 |
|
|
|a ix, 132 p. ; ;
|c 21 cm.
|
| 504 |
|
|
|a Includes bibliographical reference and index
|
| 650 |
|
0 |
|a Arms control
|
| 650 |
|
0 |
|a Atomic weapons and disarmament
|
| 700 |
0 |
|
|a Kendall, Henry Way ,
|d 1926- ,
|e author
|
| 700 |
0 |
|
|a Nadis, Steven J. ,
|e author
|
| 710 |
0 |
0 |
|a Union of Concerned Scientists
|
| 999 |
|
|
|a 1000022059
|b Book
|c OPEN SHELF (30 DAYS)
|e Gong Badak Campus
|